000 01497nam1a22003011i 4500
001 v19\rc\1583160
005 20240723115648.0
035 _a(NLR Aleph) 004836083
090 _a4772763
_c4772763
100 _a20061002g18941896|||y0rusy50 ca
101 1 _arus
_ceng
102 _aRU
105 _a z |||||
200 1 _aРуководство к болезням нервной системы
_fПроф. W.R. Gowers, врач-консультант при University college hospital, врач при Нац. госпитале для паралитиков и эпилептиков в Лондоне
_g!Пер. со 2-го англ. изд. д-ра С.Б. Оречкина. (W.R. Gowers, M D. Diseases of the nervous system. Second edition). Т. 1-2
210 _aСанкт-Петербург
_cжурн. "Практ. медицина"
_d1894-1896
215 _a2 т.
_d25
454 0 _12001#$aDiseases of the nervous system
_1205##$aSecond edition
_1700#1$aGowers$bW.R.
_tDiseases of the nervous system
_aGowers, W.R.
700 1 _9z01790
_aГоуэрс
_bУ.Р.
_f1845-1915
_gУильям Ричард
702 1 _aОречкин
_bС.Б.
_f1858-
_gСемен Борисович
_4730
790 1 _9z01700
_aГоуерс
_bВ.Р.
_f1845-1915
_gВильям Ричард
801 0 _aRU
_bNLR
_gpsbo
801 0 _aRU
_bRuMoRGB
_2psbo
801 1 _aRU
_bProSoft-M
_2rusmarc
852 _aNLR
_j19.102.5.16
899 _aБАН
899 _aНБ СПбГУ (1)
899 _aRuMoRGB
_jS 46/373
942 _cBOOK